000 00400nam a22001457a 4500
999 _c4375
_d4375
008 200803b ||||| |||| 00| 0 eng d
082 0 0 _a604.262
_bD134
100 _992
_aDaish, Herbert H. R.
245 1 0 _aReed's Machine Drawing for Marine Engineers
_cby Herbert H. R. Daish
260 _aLondon
_bMacGraw-hill
_c1950
300 _a150 p.
365 _d9.06
650 0 _aMachine Drawing
942 _cBK